[Event "Bridgetwon op"]
[Site "Bridgetwon"]
[Date "2013.05.01"]
[Round "8"]
[White "Lucas, Steven"]
[Black "Prescod, Bryan"]
[Result "0-1"]
[WhiteElo "1656"]
[BlackElo "1795"]
[PlyCount "61"]
[EventDate "2013.04.27"]
[EventType "swiss"]
[EventRounds "8"]
[EventCountry "BAR"]
[SourceTitle "CBM 154 Extra"]
[Source "ChessBase"]
[SourceDate "2013.06.25"]
[SourceVersion "2"]
[SourceVersionDate "2013.06.25"]
[SourceQuality "1"]

1. d4 Nf6 2. c4 g6 3. Nc3 d5 4. cxd5 Nxd5 5. e4 Nxc3 6. bxc3 Bg7 7. Be3 0-0 8. Qd2 c5 9. Rc1 Nc6 10. d5 Ne5 11. h3 Qa5 12. f4 Nd7 13. Nf3 Nf6 14. Bd3 Rd8 15. c4 Qc7 16. e5 Ne8 17. 0-0 b5 18. Qf2 bxc4 19. Bxc4 Bf5 20. Bxc5 Qb7 21. Qe3 Nc7 22. d6 exd6 23. exd6 Ne6 24. Rfd1 Be4 25. Ba3 Rac8 26. Kf2 h6 27. g3 Bxf3 28. Qxf3 Qb6+ 29. Kg2 Qa5 30. Rd5 Qa4 31. Bb5 0-1

[Event "Bridgetwon op"]
[Site "Bridgetwon"]
[Date "2013.04.28"]
[Round "3"]
[White "Castillo, Roberto"]
[Black "Lucas, Steven"]
[Result "0-1"]
[WhiteElo "1965"]
[BlackElo "1656"]
[PlyCount "49"]
[EventDate "2013.04.27"]
[EventType "swiss"]
[EventRounds "8"]
[EventCountry "BAR"]
[SourceTitle "CBM 154 Extra"]
[Source "ChessBase"]
[SourceDate "2013.06.25"]
[SourceVersion "2"]
[SourceVersionDate "2013.06.25"]
[SourceQuality "1"]

1. c4 Nf6 2. Nc3 d5 3. cxd5 Nxd5 4. e4 Nb4 5. d4 Qxd4 6. Qe2 Qd8 7. Bf4 c6 8. a3 Qa5 9. Rd1 N4a6 10. Qd2 Nd7 11. Nf3 g6 12. Ne5 Nab8 13. Bc4 e6 14. 0-0 Bg7 15. Nxd7 Nxd7 16. Bd6 Qd8 17. f4 Nf6 18. e5 Nd5 19. Ne4 f5 20. exf6 Nxf6 21. Nxf6+ Bxf6 22. Qe2 Qb6+ 23. Kh1 Kf7 24. f5 gxf5 25. Rxf5 0-1